| 000 | 01241cab a2200253 4500 | ||
|---|---|---|---|
| 001 | WB3520-08 | ||
| 008 | 090401t1999 xxu||||| |||| 00| 0 eng d | ||
| 035 | _a(Sirsi) u93593 | ||
| 041 | _aeng | ||
| 245 | _aCouple triumph in battle over by-pass | ||
| 260 | _c1999 | ||
| 350 | _a0 | ||
| 490 |
_aIndependent _v25 May 1999, 11(1) |
||
| 520 | _aA couple whose home was blighted by the building of a bypass 18ft from their window have won a High Court case against the Parliamentary Ombudsman. Norfolk County Council failed to compensate them because no land was taken. Documents suggested that the power of the county to acquire the couple's blighted house was overlooked. The High Court ruled that the Parliamentary Ombudsman had failed to give adequate reasons for deciding that the DoT was not responsible for the couple's losses through maladministration. The couple will now seek compensation. | ||
| 650 | _aBLIGHT | ||
| 650 | _aBYPASSES | ||
| 650 | _aCOMPENSATION | ||
| 650 | _aDEPARTMENT OF TRANSPORT | ||
| 650 | _aMALADMINISTRATION | ||
| 650 | _aPARLIAMENTARY OMBUDSMAN | ||
| 690 | _aENVIRONMENTAL AND LAND CONSULTANCY-PLANNING AND DEVELOPMENT-COMPULSORY PURCHASE AND COMPENSATION | ||
| 942 | _n0 | ||
| 948 | _c27/05/1999 | ||
| 999 |
_c59312 _d59312 |
||